000 nam a22 a 4500
999 _c467
_d467
005 20170504092049.0
008 170504b1978 -us||||| |||| 00| 0 eng d
020 _a0140222332 (pbk)
040 _aAKMAL
082 _a153.42 BON
090 _a153.42
_bBON
100 1 _aDe Bono, Edward,
_d1933-
_91066
245 1 0 _aOpportunities :
_b a handbook of business opportunity search /
_cEdward de Bono
260 _aHarmondsworth :
_bPenguin, |c 1983,
_c1983, c1978
300 _a251p. :
_b ill. ;
_c18cm
490 0 _aPelican books
500 _aOriginally published: London : Associated Business Programme, 1978
942 _2ddc
_cBOOK